| Tag |
First Indicator |
Second Indicator |
Subfields |
| LEADER |
00000cam a2200000 a 4500 |
| 001 |
in00000638136 |
| 005 |
20151015055538.0 |
| 008 |
811012s1938 nyua j 00011 eng |
| 010 |
|
|
|a 39012112
|
| 035 |
|
|
|a (OCoLC)07840918
|
| 035 |
|
|
|9 ACV1455AM
|
| 040 |
|
|
|a DLC
|c AFU
|d TXA
|d UtOrBLW
|
| 041 |
1 |
|
|a eng
|a swe
|
| 049 |
|
|
|a TXAM
|c [81183]
|
| 050 |
|
0 |
|a PZ8.L136
|b W8
|
| 100 |
1 |
|
|a Lagerlöf, Selma,
|d 1858-1940.
|
| 240 |
1 |
0 |
|a Nils Holgerssons underbara resa genom Sverige.
|l English.
|d 1938
|
| 245 |
1 |
4 |
|a The wonderful adventures of Nils /
|c Selma Lagerlof ; translated by Velma Swanston Howard.
|
| 264 |
|
1 |
|a New York :
|b Doubleday, Doran,
|c 1938
|
| 264 |
|
4 |
|c ©1907
|
| 300 |
|
|
|a xiii, 430 pages, 8 unnumbered leaves of plates :
|b illustrations ;
|c 22 cm.
|
| 336 |
|
|
|a text
|b txt
|2 rdacontent
|
| 337 |
|
|
|a unmediated
|b n
|2 rdamedia
|
| 338 |
|
|
|a volume
|b nc
|2 rdacarrier
|
| 500 |
|
|
|a Translation of: Nils Holgerssons underbara resa genom Sverige.
|
| 700 |
1 |
|
|a Howard, Velma Swanston,
|d 1868-1937.
|
| 999 |
|
|
|a MARS
|
| 999 |
f |
f |
|s f0145af9-b141-311e-af00-0d5a51b6ee73
|i 4aa9770c-4ecf-3382-be41-2f762da8aa95
|t 0
|
| 952 |
f |
f |
|p normal
|a Texas A&M University
|b College Station
|c Sterling C. Evans Library
|d Evans: Library Stacks
|t 0
|e PZ8.L136 W8
|h Library of Congress classification
|i unmediated -- volume
|m A14804362524
|
| 998 |
f |
f |
|a PZ8.L136 W8
|t 0
|l Evans: Library Stacks
|